| 000 | 00000nam##2200000za#4500 |
| 001 | 9.599090 |
| 003 | CaOODSP |
| 005 | 20210624204907 |
| 007 | cr ||||||||||| |
| 008 | 150406|1999||||xxc|||||o f|0| 0 fre|d |
| 040 | |aCaOODSP|bfre |
| 043 | |an-cn--- |
| 086 | 1 |aBT31-2/2000-III-80F-PDF |
| 110 | 1 |aCanada. |bConseil du trésor. |
| 245 | 10|aConseil de contrôle des renseignements relatifs aux matières dangereuses, budget des dépenses 1999-2000, rapport sur les plans et les priorités, approuvé |h[ressource électronique] |
| 260 | |aOttawa - Ontario : |bSecrétariat du Conseil du Trésor du Canada |c[1999]. |
| 300 | |a26p.|borganigramme, tableaux |
| 490 | 1 |aBudget des dépenses 1999-2000. Partie III, Rapport sur les plans et les priorités |v1999-2000 |
| 590 | |a10-13-Supp|b2010-11-23 |
| 775 | 08|tHazardous materials information review commission, 1999-2000 estimates, a report on plans and priorities, approved |w(CaOODSP)9.567769 |
| 776 | 0#|tHazardous Materials Information Review Commission |w(CaOODSP)9.531700 |
| 776 | 0#|tConseil de contrôle des renseignements relatifs aux matières dangereuses |w(CaOODSP)9.531701 |
| 830 | #0|aBudget des dépenses 1999-2000. Partie III, Rapport sur les plans et les priorités ;|v1999-2000|w(CaOODSP)9.502119 |
| 856 | 40|ahttp://publications.gc.ca|qPDF|s130 Ko|uhttps://publications.gc.ca/collections/Collection/BT31-2-2000-III-80F.pdf|y1999-2000 |